Statistiques concernant Équipe-type de l'Euro 2016

Cliquez ici pour prendre le quiz!

Statistiques générales

  • Ce quiz a été pris 157 fois
  • Le résultat moyen est 8 sur 11

Statistiques - réponses

PositionSélection nationaleJoueur% Correct
AttaquantPortugalCristiano Ronaldo
99%
AilierFranceAntoine Griezmann
95%
DéfenseurPortugalPepe
91%
GardienPortugalRui Patrício
83%
AilierFranceDimitri Payet
73%
DéfenseurAllemagneJérôme Boateng
71%
MilieuPays de GallesAaron Ramsey
70%
MilieuAllemagneToni Kroos
67%
DéfenseurAllemagneJoshua Kimmich
54%
DéfenseurPortugalRaphaël Guerreiro
46%
MilieuPays de GallesJoe Allen
20%

Distribution des résultats

Percentile par nombre de réponses

% des personnes avec chaque résultat

Votre développement - résultats

Vous n’avez pas pris ce quiz